00513nam a2200157Ia 4500008004100000100001900041245005700060245001900117260005900136260000900195650001800204650001500222856002600237999001900263952007300282170221s9999 xx 000 0 und d aTarana Hammond aText Messages and the Detroit Mayor:Kwame Kilpatrick cTarana Hammond bOnline Journal of Communication and Media Technologies c2016 xCommunication xMedia Arts uhttp://www.ojcmt.net/ c309175d309175 001040aCLbCLd2017-02-21l0r2017-02-21 00:00:00w2017-02-21yFOJ